Countries of the World in Five Minutes - Statistics

General Stats
  • This quiz has been taken 244 times
  • The average score is 137 of 196
Answers on the Map
Answers color-coded by a green-red scale on the quiz's map according to % correct below.
 
Answer Stats
Country % Correct
Brazil
97%
Canada
97%
China
97%
United States
97%
Australia
95%
Mexico
95%
Russia
95%
Argentina
92%
Chile
92%
France
92%
Germany
92%
India
92%
Italy
92%
Japan
92%
Norway
92%
South Africa
92%
Uruguay
92%
Colombia
89%
Denmark
89%
Finland
89%
Indonesia
89%
Ireland
89%
Paraguay
89%
Peru
89%
Spain
89%
Sweden
89%
Thailand
89%
Turkey
89%
United Kingdom
89%
Algeria
86%
Cuba
86%
Ecuador
86%
Iceland
86%
Mongolia
86%
Poland
86%
Portugal
86%
Ukraine
86%
Venezuela
86%
Austria
84%
Bolivia
84%
Greece
84%
Oman
84%
Pakistan
84%
Belgium
81%
Egypt
81%
Iran
81%
Iraq
81%
Kazakhstan
81%
Latvia
81%
Morocco
81%
Netherlands
81%
North Korea
81%
Saudi Arabia
81%
Switzerland
81%
Vietnam
81%
Bulgaria
78%
Estonia
78%
Israel
78%
Libya
78%
Nepal
78%
New Zealand
78%
Niger
78%
Panama
78%
Romania
78%
South Korea
78%
Bangladesh
76%
Belarus
76%
Cambodia
76%
Croatia
76%
Democratic Republic of the Congo
76%
Guyana
76%
Laos
76%
Lithuania
76%
Nigeria
76%
Sudan
76%
Yemen
76%
Afghanistan
73%
Chad
73%
Costa Rica
73%
Guatemala
73%
Haiti
73%
Madagascar
73%
Papua New Guinea
73%
Republic of the Congo
73%
Syria
73%
United Arab Emirates
73%
Vatican City
73%
Albania
70%
Bahamas
70%
Bosnia and Herzegovina
70%
Cyprus
70%
Dominican Republic
70%
Jordan
70%
Kuwait
70%
Lebanon
70%
Luxembourg
70%
Mali
70%
North Macedonia
70%
Serbia
70%
Suriname
70%
Andorra
68%
Bahrain
68%
Czech Republic
68%
Fiji
68%
Honduras
68%
Hungary
68%
Malaysia
68%
Myanmar
68%
Philippines
68%
Qatar
68%
Slovakia
68%
Slovenia
68%
South Sudan
68%
Taiwan
68%
Uzbekistan
68%
Angola
65%
Belize
65%
Dominica
65%
El Salvador
65%
Kosovo
65%
Moldova
65%
Nicaragua
65%
Sri Lanka
65%
Tanzania
65%
Togo
65%
Tunisia
65%
Zambia
65%
Armenia
62%
Bhutan
62%
Ethiopia
62%
Jamaica
62%
Kenya
62%
Kyrgyzstan
62%
Liechtenstein
62%
Zimbabwe
62%
Azerbaijan
59%
Central African Republic
59%
Federated States of Micronesia
59%
Georgia
59%
Ghana
59%
Ivory Coast
59%
Malta
59%
Mauritania
59%
Monaco
59%
Montenegro
59%
Namibia
59%
Nauru
59%
Palau
59%
San Marino
59%
Seychelles
59%
Somalia
59%
Turkmenistan
59%
Botswana
57%
Cape Verde
57%
Guinea
57%
Kiribati
57%
Lesotho
57%
Rwanda
57%
Saint Kitts and Nevis
57%
Saint Vincent and the Grenadines
57%
Samoa
57%
Singapore
57%
Antigua and Barbuda
54%
Benin
54%
Cameroon
54%
Comoros
54%
São Tomé and Príncipe
54%
Eswatini
54%
Liberia
54%
Maldives
54%
Mauritius
54%
Mozambique
54%
Saint Lucia
54%
Tajikistan
54%
Tonga
54%
Tuvalu
54%
Uganda
54%
Vanuatu
54%
Malawi
51%
Marshall Islands
51%
Senegal
51%
Solomon Islands
51%
Barbados
49%
Brunei
49%
Burundi
49%
Gabon
49%
Gambia
49%
Grenada
49%
Trinidad and Tobago
49%
Guinea-Bissau
46%
Equatorial Guinea
43%
Eritrea
43%
Burkina Faso
41%
East Timor
41%
Sierra Leone
41%
Djibouti
38%
No matching quizzes found
Score Distribution
Percent of People with Each Score
Percentile by Number Answered
Your Score History
You have not taken this quiz